000 00619nam a2200181Ia 4500
008 090630s9999 xx 000 0 und d
082 _b9148
100 _aमहाजन जगन्नाथ.
245 _aतीन राजकन्या.
_cमहाजन जगन्नाथ.
260 _bश्रीराम.
_c1987
300 _a32
600 _aमहाजन जगन्नाथ.
630 _aतीन राजकन्या.
655 _aबालवाङमय.
700 _aमहाजन जगन्नाथ.
730 _aतीन राजकन्या.
942 _cBOOK
999 _c261004
_d261004